000 00402nam a2200109Ia 4500
008 171204s9999 xx 000 0 und d
245 4 _aThe Emergence of Film Culture: Knowledge Production, Institution Building, and the Fate of the Avant-garde in Europe, 1919-1945
245 _cMalte Hagener
260 _c2014
650 _xINTRODUCTION TO FILM
856 _uhttp://down.ebook777.com/053/1782384235.pdf
999 _c346111
_d346111